Largest Countries To Never Have an NBA Player - Statistics

General Stats
  • This quiz has been taken 87 times
  • The average score is 10 of 20
Answer Stats
Population Country % Correct
1,235,700,000 India
99%
184,634,000 Pakistan
77%
237,641,326 Indonesia
67%
88,780,000 Vietnam
58%
152,518,015 Bangladesh
54%
34,035,000 Iraq
52%
37,900,000 Algeria
49%
98,566,000 Philippines
49%
29,195,895 Saudi Arabia
49%
44,354,000 Kenya
47%
86,613,986 Ethiopia
46%
47,296,000 Colombia
42%
29,791,600 Malaysia
42%
65,926,261 Thailand
42%
53,259,000 Myanmar
39%
30,475,144 Peru
36%
35,357,000 Uganda
36%
37,964,000 Sudan
35%
30,183,400 Uzbekistan
30%
26,494,504 Nepal
27%
No matching quizzes found
Score Distribution
Percent of People with Each Score
Percentile by Number Answered
Your Score History
You have not taken this quiz